[Event "2nd Limpedea Cup"]
[Site "Baia Sprie ROM"]
[Date "2010.05.30"]
[Round "7"]
[White "Warakomski,T"]
[Black "Dvirnyy,D"]
[Result "1/2-1/2"]
[WhiteElo "2499"]
[BlackElo "2459"]
[EventDate "2010.05.24"]

1. Nf3 Nf6 2. g3 c5 3. Bg2 Nc6 4. c4 g6 5. b3 Bg7 6. Bb2 O-O 7. O-O Rb8 8.
Nc3 d5 9. d4 dxc4 10. dxc5 Ne4 11. Qc1 Nxc5 12. bxc4 Bf5 13. Rd1 Qb6 14.
Rd2 Ne4 15. Nxe4 Bxe4 16. Bxg7 Kxg7 17. Qc3+ Kg8 18. Ne5 Nxe5 19. Bxe4 Ng4
20. c5 Qf6 21. Qxf6 Nxf6 22. Bg2 Rfc8 23. Rc1 Kf8 24. Rd3 Rc7 25. Kf1 Rbc8
26. Ke1 e5 27. Rdc3 Ke7 28. Bh3 1/2-1/2

[Event "2nd Limpedea Cup"]
[Site "Baia Sprie ROM"]
[Date "2010.05.30"]
[Round "7"]
[White "Jianu,V"]
[Black "Manolache,M"]
[Result "1-0"]
[WhiteElo "2492"]
[BlackElo "2527"]
[EventDate "2010.05.24"]

1. d4 Nf6 2. c4 d6 3. Nf3 Nbd7 4. Nc3 e5 5. g3 Be7 6. Bg2 O-O 7. O-O c6 8.
e4 Qc7 9. h3 Re8 10. Be3 a6 11. a4 a5 12. Qc2 exd4 13. Nxd4 Nc5 14. g4 Qb6
15. Kh1 Nfd7 16. f4 Nf8 17. Rad1 Qb4 18. Na2 Qb6 19. Nc1 Qc7 20. Nce2 Ng6
21. Kh2 Nh4 22. Bh1 Bd7 23. Ng3 Bf8 24. b3 Rac8 25. Ndf5 Nxf5 26. gxf5 Qb6
27. Rg1 Qxb3 28. Qxb3 Nxb3 29. Rd3 d5 30. Rxb3 b5 31. c5 f6 32. Rd1 Rb8 33.
exd5 cxd5 34. Bxd5+ Kh8 35. c6 Bc8 36. c7 1-0

[Event "2nd Limpedea Cup"]
[Site "Baia Sprie ROM"]
[Date "2010.05.31"]
[Round "8"]
[White "Bonte,An"]
[Black "Sieciechowicz,M"]
[Result "0-1"]
[WhiteElo "2307"]
[BlackElo "2427"]
[EventDate "2010.05.24"]

1. d4 d5 2. c4 c6 3. Nf3 Nf6 4. e3 Bf5 5. Nc3 e6 6. Bd3 Bxd3 7. Qxd3 Nbd7
8. O-O Bd6 9. e4 dxe4 10. Nxe4 Nxe4 11. Qxe4 O-O 12. Bg5 Nf6 13. Qe2 c5 14.
Rad1 Qc7 15. h3 Rfe8 16. Bxf6 gxf6 17. Rfe1 cxd4 18. Rxd4 Rad8 19. Red1 Bc5
20. Rxd8 Rxd8 21. Rxd8+ Qxd8 22. Qd2 Qb6 23. g4 Qc6 24. Kg2 Bb6 25. Qd3 Qc5
26. Qe2 h5 27. b3 hxg4 28. hxg4 Kf8 29. Nh4 Qg5 30. Kh3 Qc1 31. Kg2 Qf4 32.
Qf3 Qg5 33. Qg3 Qd2 34. a3 Qd4 35. Nf3 Qc5 36. a4 Ke7 37. Nd2 Qd4 38. Nf1
Qe4+ 39. Qf3 Qxf3+ 40. Kxf3 a5 41. Ke2 Kd6 42. f3 Ke5 43. Ng3 Kd4 44. Ne4
Bc7 45. Nxf6 Kc3 46. Ne8 Bf4 47. c5 Kxb3 48. Kd3 Kxa4 49. Kc4 Ka3 50. Nd6
a4 51. Nb5+ Kb2 52. Kb4 Be3 53. Kxa4 Bxc5 54. Nc7 Bd6 55. Nb5 Be5 56. Na3
Kc3 57. Kb5 Bc7 58. Nc4 Kd3 59. Kc5 Ke2 0-1

[Event "2nd Limpedea Cup"]
[Site "Baia Sprie ROM"]
[Date "2010.05.31"]
[Round "8"]
[White "Shishkin,Va UKR"]
[Black "Szabo,At1"]
[Result "1-0"]
[WhiteElo "2513"]
[BlackElo "2306"]
[EventDate "2010.05.24"]

1. d4 d5 2. c4 c6 3. Nc3 e6 4. Nf3 dxc4 5. e3 Nf6 6. Bxc4 Be7 7. O-O O-O 8.
e4 Nbd7 9. e5 Nd5 10. Re1 b5 11. Bd3 a6 12. Ne4 Bb7 13. Bg5 Rc8 14. Rc1 Rc7
15. Bb1 g6 16. h4 Bxg5 17. hxg5 Kg7 18. Qd2 Rh8 19. Nd6 N7b6 20. Be4 h6 21.
g3 Nc8 22. Bxd5 exd5 23. Nxb7 Rxb7 24. Rxc6 Qd7 25. Rec1 Ne7 26. e6 Qxc6
27. Rxc6 Nxc6 28. Qf4 hxg5 29. Qd6 Ne7 30. exf7 Kxf7 31. Nxg5+ Kg7 32. Qe5+
Kg8 33. Qf6 Rh6 1-0

[Event "2nd Limpedea Cup"]
[Site "Baia Sprie ROM"]
[Date "2010.05.31"]
[Round "8"]
[White "Jianu,V"]
[Black "Warakomski,T"]
[Result "1/2-1/2"]
[WhiteElo "2492"]
[BlackElo "2499"]
[EventDate "2010.05.24"]

1. d4 c5 2. d5 Nf6 3. c4 g6 4. Nc3 d6 5. e4 Bg7 6. h3 O-O 7. Nf3 Na6 8. Bd3
Nc7 9. O-O e6 10. a4 b6 11. Re1 exd5 12. cxd5 Re8 13. Bf4 Ba6 14. Bc2 Bb7
15. Bh2 a6 16. Bb3 b5 17. axb5 axb5 18. Rxa8 Nxa8 19. Nxb5 Nxe4 20. Bc2 Nf6
21. Nxd6 Rxe1+ 22. Nxe1 Bxd5 23. Nc4 Nc7 24. Ne3 Ne6 25. Be5 Bc6 1/2-1/2

[Event "2nd Limpedea Cup"]
[Site "Baia Sprie ROM"]
[Date "2010.05.31"]
[Round "8"]
[White "Manolache,M"]
[Black "Burnoiu,N1"]
[Result "1/2-1/2"]
[WhiteElo "2527"]
[BlackElo "2403"]
[EventDate "2010.05.24"]

1. d4 Nf6 2. c4 g6 3. Nc3 d5 4. e3 Bg7 5. cxd5 Nxd5 6. Nxd5 Qxd5 7. Ne2 O-O
8. Nc3 Qd8 9. Be2 c6 10. Bf3 Nd7 11. O-O Nb6 12. b3 e5 13. Ba3 Re8 14. dxe5
Bxe5 15. Ne4 Nd5 16. Rc1 Bf5 17. Ng3 Be6 18. Rc2 Qh4 19. Qc1 Nf6 20. Bb2
Bd5 21. Bxd5 Nxd5 22. Bxe5 Rxe5 23. Rc4 Qe7 24. e4 Nb6 25. Rc2 Nd7 26. f4
Rc5 27. Qa3 Qd6 28. Rcc1 Qd4+ 29. Kh1 Rxc1 30. Qxc1 Nc5 31. e5 Rd8 32. h3
Ne4 33. Nxe4 Qxe4 34. Rf2 Rd3 1/2-1/2

[Event "2nd Limpedea Cup"]
[Site "Baia Sprie ROM"]
[Date "2010.05.31"]
[Round "8"]
[White "Dvirnyy,D"]
[Black "Grigore,Ge"]
[Result "0-1"]
[WhiteElo "2459"]
[BlackElo "2532"]
[EventDate "2010.05.24"]

1. d4 Nf6 2. c4 c6 3. Nc3 d5 4. Bg5 e6 5. cxd5 exd5 6. e3 Be7 7. Qc2 Nbd7
8. Bd3 Nh5 9. Bxe7 Qxe7 10. Nge2 g6 11. h3 Nb6 12. O-O-O Bd7 13. Kb1 O-O-O
14. a4 Kb8 15. a5 Nc8 16. e4 dxe4 17. Nxe4 Qb4 18. Qc5 Qxc5 19. dxc5 Bf5
20. N2c3 Nf4 21. Bc2 Nxg2 22. Ng5 Rxd1+ 23. Rxd1 f6 24. Bxf5 fxg5 25. Be4
Nf4 26. Rd7 a6 27. b4 Na7 28. Na4 Nb5 29. Kb2 Nxh3 30. Rf7 g4 31. Bd3 Ng5
32. Re7 Nc7 33. Nb6 Re8 34. Nd7+ Ka7 35. Rxe8 Nxe8 36. Kc3 Nh3 37. Kd4 Nxf2
38. Bf1 h5 39. Ke3 g3 0-1

[Event "2nd Limpedea Cup"]
[Site "Baia Sprie ROM"]
[Date "2010.06.01"]
[Round "9"]
[White "Szabo,At1"]
[Black "Dvirnyy,D"]
[Result "1-0"]
[WhiteElo "2306"]
[BlackElo "2459"]
[EventDate "2010.05.24"]

1. e4 d5 2. exd5 Qxd5 3. Nc3 Qa5 4. d4 Nf6 5. Nf3 Bf5 6. Bd3 e6 7. O-O Nc6
8. Be3 O-O-O 9. a3 Bg4 10. Be2 Nd5 11. Ne4 Nb6 12. c3 f6 13. Qc1 e5 14. Nc5
Bxc5 15. dxc5 Nd5 16. b4 Qa4 17. Bd1 Qa6 18. b5 Qxb5 19. c4 Qa6 20. cxd5
Rxd5 21. Bb3 Bxf3 22. gxf3 Nd4 23. Bxd4 Rxd4 24. Rd1 Rhd8 25. Rxd4 Rxd4 26.
Qc2 Qd3 27. Be6+ Kd8 28. Qxd3 Rxd3 29. Kg2 g6 30. a4 c6 31. Rc1 Kc7 32. Rc4
b6 33. cxb6+ axb6 34. Bg8 h5 35. Bf7 g5 36. Bxh5 Kd6 37. Be8 c5 38. Bb5 Ra3
39. Rc1 1-0

[Event "2nd Limpedea Cup"]
[Site "Baia Sprie ROM"]
[Date "2010.06.01"]
[Round "9"]
[White "Thesing,M"]
[Black "Bonte,An"]
[Result "1/2-1/2"]
[WhiteElo "2425"]
[BlackElo "2307"]
[EventDate "2010.05.24"]

1. e4 Nf6 2. e5 Nd5 3. d4 d6 4. Nf3 dxe5 5. Nxe5 c6 6. Bc4 Nd7 7. Nc3 Nxe5
8. dxe5 Be6 9. Nxd5 Bxd5 10. Bxd5 Qxd5 11. Qxd5 cxd5 12. Be3 e6 13. Ke2 Rc8
14. Bxa7 Rxc2+ 15. Kd3 Rxb2 16. Bd4 Rb4 17. Rhb1 Kd7 18. Rxb4 Bxb4 19. Rb1
Ba5 20. Rxb7+ Bc7 21. a4 Kc6 22. Ra7 Rb8 23. Kc2 Rb4 24. Bc3 Rc4 25. Kd3
Bb6 26. Rxf7 Rxa4 27. Re7 Bxf2 28. Rxe6+ Kc5 29. Re8 d4 30. Bd2 Be3 31.
Bxe3 Ra3+ 32. Ke4 Rxe3+ 33. Kf4 g5+ 34. Kf5 d3 35. Rd8 Kc4 36. e6 Kc3 37.
Kf6 d2 38. e7 Kc2 39. Rc8+ Kb2 40. Rb8+ Kc2 1/2-1/2

[Event "2nd Limpedea Cup"]
[Site "Baia Sprie ROM"]
[Date "2010.06.01"]
[Round "9"]
[White "Grigore,Ge"]
[Black "Jianu,V"]
[Result "1/2-1/2"]
[WhiteElo "2532"]
[BlackElo "2492"]
[EventDate "2010.05.24"]

1. d4 Nf6 2. c4 c5 3. d5 b5 4. cxb5 a6 5. bxa6 g6 6. Nc3 Bxa6 7. g3 d6 8.
Bg2 Bg7 9. Nf3 Nfd7 10. O-O Nb6 11. Bf4 N8d7 12. Nd2 O-O 13. Re1 Ne5 14.
Rc1 Nbc4 15. b3 Na3 16. Nf3 Nxf3+ 17. Bxf3 Qa5 18. Bd2 Qc7 19. h4 Rfb8 20.
h5 Qd7 21. Ne4 Nb5 22. e3 Bb7 23. hxg6 hxg6 24. a4 Nc7 25. Nc3 Ba6 26. Na2
Ra7 27. Bc3 Rab7 28. Bxg7 Kxg7 29. Rc3 Qh3 30. Bg2 Qh5 31. Qxh5 gxh5 32.
Rb1 Ra7 33. e4 Bc8 34. Re1 Nb5 35. axb5 Rxa2 36. Bf1 Bd7 37. b4 Bxb5 38.
bxc5 Bxf1 39. Rxf1 dxc5 40. Rxc5 Rb4 41. e5 h4 42. Kg2 Re2 43. d6 exd6 44.
exd6 Rd2 45. Rg5+ Kf6 46. gxh4 1/2-1/2

[Event "2nd Limpedea Cup"]
[Site "Baia Sprie ROM"]
[Date "2010.06.02"]
[Round "10"]
[White "Bonte,An"]
[Black "Burnoiu,N1"]
[Result "1/2-1/2"]
[WhiteElo "2307"]
[BlackElo "2403"]
[EventDate "2010.05.24"]

1. a3 e5 2. c4 Nf6 3. Nc3 c5 4. e4 Nc6 5. d3 Be7 6. g3 d6 7. Bg2 Nd4 8. h3
O-O 9. Nge2 Ne8 10. Nxd4 cxd4 11. Nd5 Nc7 12. Nxe7+ Qxe7 13. O-O a5 14. f4
Na6 15. b4 Bd7 16. b5 Nc5 17. f5 f6 18. g4 g5 19. Ra2 Rf7 20. Bf3 b6 21.
Rh2 h6 22. h4 Rh7 23. Be2 Rf8 24. Rff2 Rff7 25. Rh3 Rh8 26. Rfh2 Rfh7 27.
Bf3 1/2-1/2

[Event "2nd Limpedea Cup"]
[Site "Baia Sprie ROM"]
[Date "2010.06.02"]
[Round "10"]
[White "Dvirnyy,D"]
[Black "Sieciechowicz,M"]
[Result "1/2-1/2"]
[WhiteElo "2459"]
[BlackElo "2427"]
[EventDate "2010.05.24"]

1. e4 c5 2. Nf3 d6 3. d4 cxd4 4. Nxd4 Nf6 5. Nc3 a6 6. Bg5 e6 7. f4 Qb6 8.
Qd3 Nc6 9. Bxf6 gxf6 10. Nb3 h5 11. Be2 Bd7 12. O-O-O O-O-O 13. Rhf1 Kb8
14. Rf3 Be7 15. Kb1 h4 16. Qd2 Rdg8 17. Bf1 Rh5 18. Qe1 f5 19. Nd5 Qg1 20.
Nxe7 Nxe7 21. e5 Bc6 22. Rf2 dxe5 23. Qxe5+ Ka8 24. Rfd2 Qb6 25. Na5 Bd5
26. Nc4 Qc5 27. Qe3 Qxe3 28. Nxe3 Rh7 29. c4 Be4+ 30. Bd3 Bc6 31. b4 Rhg7
32. Bf1 Ng6 33. Rf2 Ne7 34. Kb2 Kb8 35. Kb3 Kc7 36. a4 Rd8 37. Rxd8 Kxd8
38. b5 Be4 39. Kb4 Kc7 40. a5 Rg8 41. Kc3 Ng6 42. c5 axb5 43. Bxb5 Ra8 44.
Kb4 Ne7 45. Rd2 Nd5+ 46. Nxd5+ Bxd5 47. g3 hxg3 48. hxg3 Rh8 49. Bc4 Bxc4
50. Kxc4 Rh1 51. Rd6 Rc1+ 52. Kb4 Rg1 53. Rd3 Re1 54. Kc4 Re4+ 55. Kb5 Re1
56. Kc4 Rg1 57. Kb4 Rb1+ 58. Kc4 Rb2 59. Rd6 Rg2 60. Rd3 Re2 61. Kb4 Rh2
62. Kc4 Rh8 63. Kb5 Rg8 64. Kc4 Re8 65. Kb5 Rh8 66. Ra3 Ra8 67. Rd3 Rg8 68.
Rc3 Rd8 69. Ra3 Rg8 70. Rd3 Rh8 71. Ra3 Ra8 72. Ra2 Rg8 73. a6 bxa6+ 74.
Rxa6 Rxg3 75. Ra7+ Kd8 76. c6 Rf3 77. Kb6 Rb3+ 78. Kc5 Rf3 79. Kd6 Rd3+ 80.
Kc5 Rf3 81. Rd7+ Kc8 82. Rd4 Kc7 83. Rd7+ Kc8 84. Rxf7 Rxf4 85. Kd6 Rd4+
86. Kxe6 1/2-1/2

[Event "2nd Limpedea Cup"]
[Site "Baia Sprie ROM"]
[Date "2010.06.02"]
[Round "10"]
[White "Warakomski,T"]
[Black "Grigore,Ge"]
[Result "1/2-1/2"]
[WhiteElo "2499"]
[BlackElo "2532"]
[EventDate "2010.05.24"]

1. d4 Nf6 2. c4 g6 3. Nc3 Bg7 4. e4 d6 5. f3 O-O 6. Bg5 a6 7. Qd2 c5 8. d5
b5 9. cxb5 Qa5 10. b6 Nbd7 11. Nh3 Nxb6 12. Nf2 e6 13. O-O-O Rb8 14. e5
Nfxd5 15. Nxd5 Qxd2+ 16. Rxd2 Nxd5 17. exd6 f6 18. Bh4 Bh6 19. Ne4 Bxd2+
20. Nxd2 Kf7 21. Bf2 Bd7 22. Bxa6 Rb6 23. Bc4 Rc8 24. Rd1 f5 25. Nb3 Ba4
26. d7 Bxd7 27. Nxc5 Rbb8 28. b3 Bc6 29. a4 Rd8 30. Nd3 Kg7 31. Bd4+ Kg8
32. Ne5 Ba8 33. g4 f4 34. Rd2 Nc7 35. Ba7 Rbc8 36. Rxd8+ Rxd8 37. Bb6 Rc8
38. Kd2 Nd5 39. Bd4 Kf8 40. Bc5+ Kg7 41. Nd3 g5 42. Bd4+ Kf7 43. Nc5 Rd8
44. Ke2 Nb4 45. Bc3 Nd5 46. Ba5 Rb8 47. Bd2 h5 48. h3 hxg4 49. hxg4 Rh8 50.
Ne4 Rh2+ 51. Kd3 Kg6 52. a5 Nf6 53. Bxe6 Nxe4 54. Bf5+ Kf7 55. Bxe4 Bxe4+
56. fxe4 f3 57. Bxg5 Rb2 58. Bh4 f2 59. Bxf2 Rxf2 60. b4 Ke6 61. Kd4 Kd6
62. e5+ Kc6 63. Ke4 Rb2 64. g5 Rxb4+ 65. Kf5 Kd7 66. Kf6 Rf4+ 67. Kg7 Rf5
68. g6 Ke7 69. a6 Rxe5 70. a7 Ra5 71. Kh8 Rxa7 72. g7 Ra8+ 73. g8=Q Rxg8+
74. Kxg8 1/2-1/2

[Event "2nd Limpedea Cup"]
[Site "Baia Sprie ROM"]
[Date "2010.06.02"]
[Round "10"]
[White "Jianu,V"]
[Black "Szabo,At1"]
[Result "1/2-1/2"]
[WhiteElo "2492"]
[BlackElo "2306"]
[EventDate "2010.05.24"]

1. d4 d5 2. c4 c6 3. Nf3 Nf6 4. e3 g6 5. Nc3 Bg7 6. Be2 O-O 7. O-O Ne4 8.
Qb3 Nxc3 9. bxc3 b6 10. Ba3 Ba6 11. Rfe1 Re8 12. Nd2 dxc4 13. Nxc4 Nd7 14.
e4 Qc7 15. e5 Bxc4 16. Qxc4 e6 17. Bd6 Qc8 18. Bf3 Nb8 19. a4 Bf8 20. Bxf8
Rxf8 21. Reb1 Qb7 22. a5 Rc8 23. g3 Nd7 24. h4 Rab8 25. h5 Qc7 26. Kg2 c5
27. hxg6 hxg6 28. axb6 axb6 29. Rh1 Kg7 30. Qb5 Rh8 31. Rhb1 Rhc8 32. Ra2
Rd8 33. Qc6 Qxc6 34. Bxc6 Rbc8 35. Bxd7 1/2-1/2

[Event "2nd Limpedea Cup"]
[Site "Baia Sprie ROM"]
[Date "2010.06.03"]
[Round "11"]
[White "Thesing,M"]
[Black "Dvirnyy,D"]
[Result "1-0"]
[WhiteElo "2425"]
[BlackElo "2459"]
[EventDate "2010.05.24"]

1. e4 c6 2. d4 d5 3. e5 c5 4. dxc5 Nc6 5. Nf3 Bg4 6. h3 Bxf3 7. Qxf3 Nxe5
8. Bb5+ Nc6 9. O-O e6 10. c4 Bxc5 11. Qg3 Nge7 12. cxd5 exd5 13. Qxg7 Rg8
14. Qc3 Qb6 15. Bxc6+ Qxc6 16. Qf3 O-O-O 17. Bf4 Nf5 18. g3 Nd4 19. Qd3 Qg6
20. Qxg6 Ne2+ 21. Kh2 Rxg6 22. Bd2 Rb6 23. Re1 Re8 24. Kg2 Rxb2 25. Kf1 Bd4
26. Rxe2 Rxe2 27. Kxe2 Rxd2+ 28. Nxd2 Bxa1 29. f4 Kd7 30. Nf3 f6 31. g4 Bb2
32. Kd2 b5 33. h4 a5 34. Kc2 Ba1 35. f5 h6 36. Kb1 Bc3 37. Kc2 b4 38. Kb3
d4 39. g5 hxg5 40. hxg5 fxg5 41. Nxg5 d3 42. Ne4 d2 43. Kc2 Ke7 44. Nxd2
Bxd2 45. Kxd2 1-0

[Event "2nd Limpedea Cup"]
[Site "Baia Sprie ROM"]
[Date "2010.06.03"]
[Round "11"]
[White "Manea,Al"]
[Black "Bonte,An"]
[Result "1/2-1/2"]
[WhiteElo "2396"]
[BlackElo "2307"]
[EventDate "2010.05.24"]

1. e4 c5 2. Nf3 d6 3. d4 cxd4 4. Nxd4 Nf6 5. Nc3 g6 6. Be3 Bg7 7. f3 O-O 8.
Qd2 Nc6 9. g4 Be6 10. Nxe6 fxe6 11. O-O-O Ne5 12. Be2 Qc8 13. Kb1 Nc4 14.
Bxc4 Qxc4 15. Ne2 Nd7 16. b3 Qc8 17. Rhf1 a5 18. Bd4 Ne5 19. f4 Nxg4 20.
Bxg7 Kxg7 21. Rg1 Nf6 22. e5 Ne4 23. Qe3 d5 24. c4 a4 25. cxd5 axb3 26. Rc1
Rxa2 27. Rxc8 Nd2+ 28. Qxd2 Rxd2 29. Rxf8 Kxf8 30. Nc3 exd5 31. h4 Kf7 32.
h5 gxh5 33. Rg5 h6 34. Rxh5 Kg6 35. Rh4 h5 36. Nb5 Kf5 37. Rxh5+ Kxf4 38.
e6 Re2 39. Nd4 Re4 40. Rxd5 Re5 41. Rd7 Ke4 42. Kb2 Rd5 43. Rxe7 Rxd4 44.
Rd7 1/2-1/2

[Event "2nd Limpedea Cup"]
[Site "Baia Sprie ROM"]
[Date "2010.06.03"]
[Round "11"]
[White "Grigore,Ge"]
[Black "Manolache,M"]
[Result "1/2-1/2"]
[WhiteElo "2532"]
[BlackElo "2527"]
[EventDate "2010.05.24"]

1. d4 Nf6 2. c4 d6 3. Nf3 c6 4. Nc3 Bf5 5. g3 g6 6. Bg2 Ne4 7. Nxe4 Bxe4 8.
O-O Bg7 9. b3 Nd7 10. Bb2 b5 11. cxb5 cxb5 12. Nh4 Bxg2 13. Nxg2 O-O 14.
Qd2 Qb6 15. Rfc1 Rfc8 16. e3 Qb7 17. Ne1 Nf6 18. Rxc8+ Rxc8 19. Rc1 Rxc1
20. Qxc1 g5 21. h3 h5 22. Qc2 Qd7 23. Kg2 g4 24. h4 a5 25. Kg1 Qe6 26. Ng2
Bh6 27. Bc3 b4 28. Be1 Qd5 29. Qc7 e6 30. Kf1 Ne4 31. Qc4 Qb7 32. Qd3 Kf8
33. Bd2 Qc6 34. Ne1 Qd5 35. Kg1 e5 36. Nc2 exd4 37. Be1 Bg7 38. exd4 Bh6
39. a3 bxa3 1/2-1/2

[Event "2nd Limpedea Cup"]
[Site "Baia Sprie ROM"]
[Date "2010.06.03"]
[Round "11"]
[White "Sieciechowicz,M"]
[Black "Jianu,V"]
[Result "1/2-1/2"]
[WhiteElo "2427"]
[BlackElo "2492"]
[EventDate "2010.05.24"]

1. d4 Nf6 2. c4 c5 3. d5 b5 4. cxb5 a6 5. b6 d6 6. Nc3 Nbd7 7. a4 a5 8. e4
g6 9. Nf3 Bg7 10. Bb5 O-O 11. O-O Ba6 12. Qe2 Bxb5 13. axb5 Nxb6 14. Bf4
Nfd7 15. e5 dxe5 16. Nxe5 Nxe5 17. Bxe5 Bxe5 18. Qxe5 Qd6 19. Rfe1 Qxe5 20.
Rxe5 Rfe8 21. Kf1 Kf8 22. Ree1 Nc4 23. Ra2 Reb8 24. Ke2 Nd6 25. Rea1 Nxb5
26. Rxa5 Nd4+ 27. Kd3 1/2-1/2

[Event "2nd Limpedea Cup"]
[Site "Baia Sprie ROM"]
[Date "2010.06.03"]
[Round "11"]
[White "Szabo,At1"]
[Black "Warakomski,T"]
[Result "1/2-1/2"]
[WhiteElo "2306"]
[BlackElo "2499"]
[EventDate "2010.05.24"]

1. e4 g6 2. d4 Bg7 3. Nf3 d6 4. Be2 c6 5. O-O Nd7 6. Re1 Qc7 7. c4 e5 8.
Nc3 Ne7 9. Be3 f5 10. dxe5 dxe5 11. Ng5 f4 12. Ne6 Qb8 13. Nxg7+ Kf7 14.
Bc1 Kxg7 15. b3 c5 16. Ba3 Nc6 17. Qd5 Rd8 18. Rad1 Qc7 19. Nb5 Qa5 20. Nd6
Qxa3 21. Qf7+ Kh8 22. Ne8 Rxe8 23. Qxe8+ Kg7 24. Rxd7+ Bxd7 25. Qxa8 Qa5
26. Rd1 Qc7 27. h3 h5 28. a3 b6 29. b4 Nd4 30. Rxd4 cxd4 31. b5 Kf7 32. Qh8
Qd6 33. Qh7+ Ke8 34. Qg8+ Ke7 35. Qd5 Be6 36. Qb7+ Kf6 37. Qxa7 d3 38. Bd1
Bxc4 39. a4 Qd4 40. Qc7 d2 41. a5 Qxe4 42. Qd6+ Kg7 43. Qxd2 Bxb5 44. axb6
Bc6 45. f3 1/2-1/2